[Event "33rd NED-ch"]
[Site "Leeuwarden NED"]
[Date "1977.04.18"]
[Round "1"]
[White "Boersma, Paulus"]
[Black "Bohm, Hans"]
[Result "1-0"]
[WhiteElo "2350"]
[BlackElo "2445"]
[EventDate "1977.04.18"]
[PlyCount "160"]

1.Nf3 d5 2.c4 c6 3.e3 Nf6 4.Nc3 Qc7 5.d4 Bg4 6.h3 Bxf3 7.Qxf3 e6 8.Bd3 
Nbd7 9.O-O Bb4 10.Bd2 O-O 11.a3 dxc4 12.Bxc4 Bd6 13.Ne4 Nxe4 14.Qxe4 Nf6 
15.Qc2 Rac8 16.Rac1 Rfd8 17.Rfd1 h6 18.Be1 Qb6 19.b4 Bb8 20.f4 Nd5 21.Qf2 
f5 22.Qf3 Kh8 23.g3 Re8 24.e4 fxe4 25.Qxe4 e5 26.fxe5 Rxe5 27.Qf3 Rce8 28.
Bf2 R5e6 29.Bxd5 cxd5 30.Qxd5 Qa6 31.Re1 Rxe1+ 32.Rxe1 Rxe1+ 33.Bxe1 Kh7 
34.Kg2 Bd6 35.Bf2 Kh8 36.b5 Qxa3 37.Qxb7 Qd3 38.Qc6 Bb4 39.g4 Qe2 40.Qc8+ 
Kh7 41.Qf5+ Kh8 42.Qe5 Qd3 43.h4 Ba5 44.Qf5 Qe2 45.g5 Qh5 46.Qf8+ Kh7 47.
Qf5+ Kh8 48.Bg3 Bb4 49.Qc8+ Kh7 50.Qf5+ Kh8 51.Qc8+ Kh7 52.Qc2+ Kh8 53.g6 
Qg4 54.Qc6 Qe2+ 55.Kh3 Qf1+ 56.Kh2 Qe2+ 57.Qg2 Qe8 58.Be5 Qd8 59.Kg1 Be7 
60.Qb7 Qe8 61.Qc6 Qd8 62.Qe6 Bf8 63.Qf5 Qe8 64.Kh2 Qd8 65.Kh3 Qe7 66.d5 
Qa3+ 67.Kg4 Qc5 68.d6 Qc4+ 69.Kh3 Qb3+ 70.Bg3 Kg8 71.d7 Be7 72.Qf7+ Qxf7 
73.gxf7+ Kxf7 74.Bc7 Ke6 75.d8=Q Bxd8 76.Bxd8 g6 77.Kg4 Kd6 78.Bf6 Kc5 79.
Bg7 h5+ 80.Kg5 Kxb5 1-0

[Event "33rd NED-ch"]
[Site "Leeuwarden NED"]
[Date "1977.04.18"]
[Round "1"]
[White "Donner, Jan"]
[Black "Hartoch, Robert"]
[Result "1-0"]
[WhiteElo "2470"]
[BlackElo "2405"]
[EventDate "1977.04.18"]
[PlyCount "73"]

1.d4 g6 2.c4 Bg7 3.Nc3 c5 4.d5 Nf6 5.e4 d6 6.Bd3 O-O 7.h3 e6 8.Nge2 exd5 
9.cxd5 b6 10.O-O Ba6 11.Bg5 Bxd3 12.Qxd3 Nbd7 13.f4 a6 14.a4 Qc7 15.Rae1 
Rfe8 16.Ng3 c4 17.Qd2 b5 18.e5 dxe5 19.f5 b4 20.Nce4 Nxe4 21.Nxe4 f6 22.
Be3 Rab8 23.h4 Rec8 24.Qe2 gxf5 25.Rxf5 c3 26.bxc3 Qc4 27.Qg4 Kh8 28.Rh5 
Nf8 29.Qf5 Qd3 30.cxb4 Rc2 31.Bc5 h6 32.Be3 Rxb4 33.Bxh6 Rxe4 34.Rxe4 Qxd5
35.Rg4 Rxg2+ 36.Rxg2 Qd1+ 37.Kh2 1-0

[Event "33rd NED-ch"]
[Site "Leeuwarden NED"]
[Date "1977.04.18"]
[Round "1"]
[White "Langeweg, Christian"]
[Black "Timman, Jan"]
[Result "1/2-1/2"]
[WhiteElo "2445"]
[BlackElo "2590"]
[EventDate "1977.04.18"]
[PlyCount "68"]

1.d4 Nf6 2.c4 g6 3.Nc3 Bg7 4.e4 d6 5.Nf3 O-O 6.Be2 Nbd7 7.O-O e5 8.Be3 
exd4 9.Nxd4 Re8 10.f3 c6 11.Nc2 Ne5 12.Qd2 a6 13.Rad1 Be6 14.b3 Qa5 15.Na4
Qxd2 16.Rxd2 Bf8 17.Nb6 Rab8 18.Rfd1 Ned7 19.Nxd7 Nxd7 20.Bf4 f5 21.Bxd6 
Bxd6 22.Rxd6 Nf8 23.exf5 Bxf5 24.Bd3 Bxd3 25.R1xd3 Re2 26.Rd2 Rbe8 27.Kf1 
R2e5 28.Rd8 R8e7 29.Kf2 g5 30.Nd4 Kf7 31.Ne2 Ne6 32.R8d6 h5 33.Nc3 a5 34.
Ne4 Rxe4 1/2-1/2

[Event "33rd NED-ch"]
[Site "Leeuwarden NED"]
[Date "1977.04.18"]
[Round "1"]
[White "Ligterink, Gert"]
[Black "Kortschnoj, Viktor"]
[Result "0-1"]
[WhiteElo "2430"]
[BlackElo "2645"]
[EventDate "1977.04.18"]
[PlyCount "80"]

1.e4 e5 2.Nf3 Nc6 3.d4 exd4 4.Nxd4 Bc5 5.Be3 Qf6 6.c3 Nge7 7.g3 d5 8.Bg2 
Bxd4 9.cxd4 dxe4 10.Nc3 Bf5 11.Nxe4 Bxe4 12.Bxe4 O-O-O 13.d5 Nxd5 14.Qg4+ 
Kb8 15.O-O Ne5 16.Qe2 Nxe3 17.Qxe3 c6 18.Rac1 Rhe8 19.Qb3 Rd2 20.Rc3 Red8 
21.a4 Re2 22.Bf3 Red2 23.Bg2 R8d6 24.a5 Nd3 25.a6 b6 26.Rc2 Rxc2 27.Qxc2 
Qxb2 28.Qc4 Qf6 29.Qe4 Nc5 30.Qxh7 Nxa6 31.Re1 Nc7 32.Qc2 Ne6 33.Qa2 Qd8 
34.Qa4 b5 35.Qc2 Qd7 36.h4 Kb7 37.Bh3 Kb6 38.Rc1 Rd2 39.Qb3 Qd4 40.Qf3 Nc5
0-1

[Event "33rd NED-ch"]
[Site "Leeuwarden NED"]
[Date "1977.04.18"]
[Round "1"]
[White "Van Wijgerden, Cornelis"]
[Black "Ree, Hans"]
[Result "0-1"]
[WhiteElo "2430"]
[BlackElo "2460"]
[EventDate "1977.04.18"]
[PlyCount "74"]

1.e4 e5 2.Nf3 d6 3.Bc4 Be7 4.d4 exd4 5.Nxd4 Nf6 6.Nc3 O-O 7.O-O c6 8.Re1 
b5 9.Bf1 b4 10.Nb1 c5 11.Nb3 Bb7 12.N1d2 Nbd7 13.a3 a5 14.axb4 axb4 15.
Rxa8 Bxa8 16.g3 Re8 17.Bg2 Bf8 18.f3 d5 19.exd5 Bxd5 20.Ne4 Bxe4 21.fxe4 
c4 22.Nd2 Qb6+ 23.Kh1 Ne5 24.Qe2 Qc7 25.Nf1 Neg4 26.Be3 Nxe3 27.Qxe3 Qe5 
28.b3 Bc5 29.Qe2 c3 30.Bf3 g6 31.Qd3 Re7 32.Ne3 Nxe4 33.Bxe4 Qxe4+ 34.Qxe4
Rxe4 35.Ng2 Rd4 36.Re2 Rd2 37.Nf4 Bd6 0-1

[Event "33rd NED-ch"]
[Site "Leeuwarden NED"]
[Date "1977.04.18"]
[Round "1"]
[White "Van der Sterren, Paul"]
[Black "Van Baarle, John"]
[Result "1/2-1/2"]
[WhiteElo "2375"]
[BlackElo "2325"]
[EventDate "1977.04.18"]
[PlyCount "73"]

1.e4 e5 2.Nf3 Nc6 3.Bb5 a6 4.Ba4 Nf6 5.d4 exd4 6.O-O Be7 7.Re1 O-O 8.e5 
Ne8 9.c3 dxc3 10.Nxc3 d6 11.exd6 Nxd6 12.Nd5 Be6 13.Bxc6 bxc6 14.Nxe7+ 
Qxe7 15.Bg5 Qd7 16.Ne5 Qe8 17.Rc1 f6 18.Nxc6 fxg5 19.Nd4 Qf7 20.Nxe6 Qxf2+
21.Kh1 Rf6 22.Nxc7 Raf8 23.Nd5 R6f7 24.Ne7+ Kh8 25.h3 Nf5 26.Nxf5 Rxf5 27.
Qe2 Qb6 28.Rf1 Rxf1+ 29.Rxf1 Rxf1+ 30.Qxf1 h5 31.Qe2 Qg6 32.b3 Kh7 33.Kg1 
Kh6 34.Qd2 h4 35.b4 Qe4 36.a4 Qe5 37.Qd1 1/2-1/2

[Event "33rd NED-ch"]
[Site "Leeuwarden NED"]
[Date "1977.04.19"]
[Round "2"]
[White "Bohm, Hans"]
[Black "Van Wijgerden, Cornelis"]
[Result "1/2-1/2"]
[WhiteElo "2445"]
[BlackElo "2430"]
[EventDate "1977.04.18"]
[PlyCount "116"]

1.c4 e5 2.Nc3 Nf6 3.g3 d5 4.cxd5 Nxd5 5.Bg2 Nb6 6.Nf3 Nc6 7.O-O Be7 8.d3 
O-O 9.Be3 f5 10.Na4 f4 11.Bc5 Bg4 12.Rc1 Bd6 13.Bxd6 cxd6 14.Qb3+ Kh8 15.
Nxb6 Bxf3 16.Nxa8 Nd4 17.Bxf3 Nxb3 18.axb3 Qxa8 19.Rc7 Qd8 20.Rfc1 Qf6 21.
Rxb7 d5 22.g4 e4 23.dxe4 Qxb2 24.Rbc7 dxe4 25.Rc8 Rg8 26.Bxe4 Qxe2 27.f3 
g6 28.h4 Rxc8 29.Rxc8+ Kg7 30.Rc7+ Kf6 31.Rxh7 a5 32.h5 gxh5 33.Rh6+ Ke7 
34.Rh7+ Kd6 35.Rh6+ Ke7 36.Rh7+ Kd6 37.Rh6+ Kc5 38.Rxh5+ Kb4 39.Bd5 Kc3 
40.Rf5 Qe1+ 41.Kg2 Qg3+ 42.Kf1 Kd2 43.Re5 Qh2 44.g5 Qh1+ 45.Kf2 Qh8 46.
Re2+ Kc3 47.Be6 Qh4+ 48.Kf1 Qxg5 49.Re4 Qg3 50.Rc4+ Kb2 51.Bd5 Qh3+ 52.Ke2
Qd7 53.Rd4 Kc3 54.Rd3+ Kb4 55.Kd2 Qg7 56.Kc2 Qc7+ 57.Kd2 Qe5 58.Kc2 Qa1 
1/2-1/2

[Event "33rd NED-ch"]
[Site "Leeuwarden NED"]
[Date "1977.04.19"]
[Round "2"]
[White "Hartoch, Robert"]
[Black "Langeweg, Christian"]
[Result "1/2-1/2"]
[WhiteElo "2405"]
[BlackElo "2445"]
[EventDate "1977.04.18"]
[PlyCount "75"]

1.e4 c5 2.Nf3 e6 3.d4 cxd4 4.Nxd4 Nc6 5.Nb5 d6 6.c4 Nf6 7.N5c3 Be7 8.Be2 
O-O 9.O-O b6 10.Bf4 Bb7 11.Re1 a6 12.Nd2 Ne5 13.Rc1 Ng6 14.Bg3 Qb8 15.f4 
Rd8 16.Bd3 Bf8 17.Qe2 Bc6 18.a3 Ra7 19.b4 a5 20.b5 Ba8 21.Na4 Rc7 22.Rcd1 
Rcc8 23.Rf1 Qb7 24.Rde1 Nd7 25.Nf3 Qc7 26.Kh1 Nc5 27.Nxc5 Qxc5 28.a4 Qb4 
29.Ng5 Be7 30.Qh5 Bxg5 31.Qxg5 Qxa4 32.f5 f6 33.Qe3 Ne5 34.Bxe5 dxe5 35.
Qxb6 exf5 36.exf5 Qa2 37.Be2 Kh8 38.Qe3 1/2-1/2

[Event "33rd NED-ch"]
[Site "Leeuwarden NED"]
[Date "1977.04.19"]
[Round "2"]
[White "Van Baarle, John"]
[Black "Boersma, Paulus"]
[Result "1/2-1/2"]
[WhiteElo "2325"]
[BlackElo "2350"]
[EventDate "1977.04.18"]
[PlyCount "34"]

1.e4 c5 2.Nf3 d6 3.Bb5+ Bd7 4.Bxd7+ Nxd7 5.c4 Ngf6 6.Nc3 e6 7.d4 cxd4 8.
Nxd4 a6 9.O-O Rc8 10.Qe2 Be7 11.Be3 O-O 12.Rac1 Qa5 13.h3 Rfe8 14.b3 d5 
15.exd5 exd5 16.Nxd5 Nxd5 17.cxd5 Qxd5 1/2-1/2

[Event "33rd NED-ch"]
[Site "Leeuwarden NED"]
[Date "1977.04.19"]
[Round "2"]
[White "Van der Vliet, Fredrik"]
[Black "Ree, Hans"]
[Result "1/2-1/2"]
[WhiteElo "2340"]
[BlackElo "2460"]
[EventDate "1977.04.18"]
[PlyCount "58"]

1.Nf3 d5 2.g3 c5 3.Bg2 Nc6 4.d4 e6 5.O-O cxd4 6.Nxd4 Bc5 7.Nb3 Bb6 8.c4 
Nge7 9.cxd5 Nxd5 10.Nc3 Nxc3 11.bxc3 O-O 12.Ba3 Re8 13.Qc2 e5 14.c4 Qg5 
15.Bd6 Bf5 16.Qb2 e4 17.Rad1 Qg6 18.Nc5 Bxc5 19.Bxc5 b6 20.Be3 Ne5 21.c5 
Nc4 22.Qc3 Nxe3 23.Qxe3 h5 24.cxb6 axb6 25.Rb1 Rxa2 26.Rxb6 Re6 27.Rb8+ 
Kh7 28.Rb4 Qh6 29.Qxh6+ Kxh6 1/2-1/2

[Event "33rd NED-ch"]
[Site "Leeuwarden NED"]
[Date "1977.04.20"]
[Round "3"]
[White "Boersma, Paulus"]
[Black "Timman, Jan"]
[Result "0-1"]
[WhiteElo "2350"]
[BlackElo "2590"]
[EventDate "1977.04.18"]
[PlyCount "84"]

1.d4 Nf6 2.c4 e6 3.Nf3 c5 4.d5 exd5 5.cxd5 d6 6.Nc3 g6 7.e4 Bg7 8.Be2 O-O 
9.O-O Re8 10.Nd2 Nbd7 11.a4 Ne5 12.Ra3 a6 13.Qc2 Bg4 14.Bxg4 Nfxg4 15.h3 
Nf6 16.a5 c4 17.f4 Ned7 18.Nxc4 Qc7 19.b3 b5 20.axb6 Nxb6 21.Be3 Nxc4 22.
bxc4 Qxc4 23.Ra4 Qc7 24.Qd3 a5 25.Rc4 Qe7 26.Ra1 Nd7 27.Bd4 Bxd4+ 28.Qxd4 
Nc5 29.Ra3 Rab8 30.e5 Qh4 31.Qf2 Qxf2+ 32.Kxf2 Rb4 33.Rxc5 dxc5 34.Ke3 Ra8
35.d6 a4 36.d7 Rd8 37.Rxa4 Rxd7 38.Ra5 Rdd4 39.Rxc5 Rxf4 40.Nd5 Rfc4 41.
Nf6+ Kg7 42.Rd5 Rc3+ 0-1

[Event "33rd NED-ch"]
[Site "Leeuwarden NED"]
[Date "1977.04.20"]
[Round "3"]
[White "Ligterink, Gert"]
[Black "Van der Vliet, Fredrik"]
[Result "1/2-1/2"]
[WhiteElo "2430"]
[BlackElo "2340"]
[EventDate "1977.04.18"]
[PlyCount "41"]

1.e4 c5 2.c3 d5 3.exd5 Qxd5 4.d4 Nf6 5.Nf3 Bg4 6.Be2 e6 7.h3 Bh5 8.Na3 
cxd4 9.Nb5 Qd8 10.Nbxd4 Be7 11.Qb3 Qc8 12.O-O O-O 13.Re1 Na6 14.Ne5 Bxe2 
15.Rxe2 Nd5 16.Bd2 Bf6 17.Rae1 Nc5 18.Qc2 Nd7 19.Ndf3 Nxe5 20.Nxe5 Rd8 21.
c4 1/2-1/2

[Event "33rd NED-ch"]
[Site "Leeuwarden NED"]
[Date "1977.04.20"]
[Round "3"]
[White "Ree, Hans"]
[Black "Bohm, Hans"]
[Result "1/2-1/2"]
[WhiteElo "2460"]
[BlackElo "2445"]
[EventDate "1977.04.18"]
[PlyCount "83"]

1.d4 e6 2.Nf3 Nf6 3.c4 d5 4.Nc3 Nbd7 5.cxd5 exd5 6.Bg5 Be7 7.e3 c6 8.Qc2 
O-O 9.Bd3 Re8 10.O-O Nf8 11.Bxf6 Bxf6 12.b4 a6 13.a4 g6 14.Nd2 Ne6 15.Nb3 
Qd6 16.b5 a5 17.Rfc1 Bd7 18.Rab1 h5 19.bxc6 bxc6 20.Ne2 Reb8 21.Nc5 Nxc5 
22.dxc5 Qf8 23.Nd4 Rxb1 24.Rxb1 Rb8 25.Rb6 Rxb6 26.cxb6 c5 27.b7 Be5 28.
Bb5 Bxb5 29.Nxb5 Qe7 30.g3 c4 31.f4 Bb8 32.Qc3 Qxb7 33.Qxa5 Kh7 34.Kf2 Qc8
35.Nc3 d4 36.exd4 Qh3 37.Kg1 Bxf4 38.gxf4 Qg4+ 39.Kh1 Qxf4 40.Kg2 Qg4+ 41.
Kf1 Qh3+ 42.Kg1 1/2-1/2

[Event "33rd NED-ch"]
[Site "Leeuwarden NED"]
[Date "1977.04.20"]
[Round "3"]
[White "Van Wijgerden, Cornelis"]
[Black "Van Baarle, John"]
[Result "1/2-1/2"]
[WhiteElo "2430"]
[BlackElo "2325"]
[EventDate "1977.04.18"]
[PlyCount "47"]

1.e4 e5 2.Nf3 d6 3.Bc4 Be7 4.d4 exd4 5.Nxd4 Nf6 6.Nc3 O-O 7.O-O c6 8.a4 a5
9.Re1 Na6 10.Bf4 Nb4 11.Qd2 Re8 12.Rad1 Bg4 13.f3 Bd7 14.Nb3 Qb6+ 15.Be3 
Qc7 16.Qf2 d5 17.Bb6 Qc8 18.Bd3 Nxd3 19.Rxd3 dxe4 20.fxe4 Ng4 21.Qf4 Bf6 
22.Bd4 Be5 23.Bxe5 Nxe5 24.Rg3 1/2-1/2

[Event "33rd NED-ch"]
[Site "Leeuwarden NED"]
[Date "1977.04.20"]
[Round "3"]
[White "Van der Sterren, Paul"]
[Black "Hartoch, Robert"]
[Result "1/2-1/2"]
[WhiteElo "2375"]
[BlackElo "2405"]
[EventDate "1977.04.18"]
[PlyCount "95"]

1.e4 d6 2.d4 Nf6 3.Nc3 g6 4.Bg5 c6 5.Qd2 Bg7 6.f4 O-O 7.Bd3 b5 8.Nf3 Bg4 
9.O-O Nbd7 10.e5 Ne8 11.exd6 Nxd6 12.Ne5 Nxe5 13.fxe5 Nc4 14.Bxc4 bxc4 15.
Na4 f6 16.exf6 exf6 17.Be3 Re8 18.c3 Qd5 19.Rae1 g5 20.Nc5 Re7 21.Bf2 Rae8
22.Rxe7 Rxe7 23.Re1 Bf8 24.h3 Bh5 25.Rxe7 Bxe7 26.Qe1 Kf7 27.Qe4 Qxe4 28.
Nxe4 f5 29.Nd2 Be2 30.d5 cxd5 31.Bxa7 g4 32.Kf2 Bd1 33.hxg4 fxg4 34.Nf1 
Bh4+ 35.g3 Bg5 36.Ne3 Bf3 37.Bb6 Ke6 38.a4 Kd7 39.a5 Kc6 40.Nf5 Be4 41.
Nd4+ Kb7 42.b4 cxb3 43.Nxb3 Bb1 44.Nc5+ Kc6 45.Ne6 Be7 46.Be3 Bd3 47.Bg5 
Bd6 48.Bf4 1/2-1/2

[Event "33rd NED-ch"]
[Site "Leeuwarden NED"]
[Date "1977.04.22"]
[Round "4"]
[White "Hartoch, Robert"]
[Black "Boersma, Paulus"]
[Result "1/2-1/2"]
[WhiteElo "2405"]
[BlackElo "2350"]
[EventDate "1977.04.18"]
[PlyCount "60"]

1.e4 c5 2.Nf3 d6 3.d4 cxd4 4.Nxd4 Nf6 5.Nc3 Nc6 6.Be2 e5 7.Nb3 Be7 8.O-O 
O-O 9.f4 a5 10.f5 a4 11.Nd2 Nd4 12.Nf3 Nxe2+ 13.Qxe2 h6 14.a3 Bd7 15.Be3 
Bc6 16.Bf2 b5 17.Ne1 d5 18.Nd3 Bd6 19.exd5 Nxd5 20.Nxd5 Bxd5 21.Qg4 Qg5 
22.Qxg5 hxg5 23.Rfe1 f6 24.Rad1 Bb7 25.Bc5 Rfd8 26.Bxd6 Rxd6 27.Nc5 Rxd1 
28.Rxd1 Bc6 29.Rd3 Rc8 30.Rc3 Rd8 1/2-1/2

[Event "33rd NED-ch"]
[Site "Leeuwarden NED"]
[Date "1977.04.22"]
[Round "4"]
[White "Kortschnoj, Viktor"]
[Black "Van der Sterren, Paul"]
[Result "1-0"]
[WhiteElo "2645"]
[BlackElo "2375"]
[EventDate "1977.04.18"]
[PlyCount "118"]

1.c4 c5 2.Nf3 Nc6 3.d4 cxd4 4.Nxd4 g6 5.e4 Nf6 6.Nc3 d6 7.Nb3 Bg7 8.f3 Be6
9.Be3 O-O 10.Nd5 Nd7 11.Qd2 a5 12.Rc1 a4 13.Nd4 Bxd5 14.exd5 Nxd4 15.Bxd4 
Bxd4 16.Qxd4 e6 17.dxe6 Re8 18.Kf2 Rxe6 19.Bd3 Nc5 20.Rhd1 Qg5 21.Bf1 Rae8
22.Rb1 h5 23.b4 axb3 24.axb3 Nd7 25.h4 Qe7 26.Kg1 Ne5 27.Qf2 Nc6 28.b4 Qf6
29.c5 dxc5 30.bxc5 R8e7 31.Bc4 Re5 32.Rd6 Qf5 33.Bd3 Re1+ 34.Kh2 Qf4+ 35.
g3 Qe3 36.Qxe1 Qxe1 37.Rxe1 Rxe1 38.Be4 Rc1 39.Bxc6 bxc6 40.Rxc6 Rc2+ 41.
Kg1 Kf8 42.Rc7 Kg7 43.Rc6 Kf8 44.Kf1 Ke7 45.Rc7+ Ke6 46.Ke1 Rg2 47.c6 Rxg3
48.Rxf7 Rg2 49.Kd1 Ra2 50.c7 Ra8 51.Rh7 Kd6 52.Kd2 Kc6 53.Ke3 Ra3+ 54.Kf4 
Kb7 55.Kg5 Rxf3 56.Kxg6 Rc3 57.Kxh5 Rc5+ 58.Kg6 Rc6+ 59.Kf5 Rc5+ 1-0

[Event "33rd NED-ch"]
[Site "Leeuwarden NED"]
[Date "1977.04.22"]
[Round "4"]
[White "Ligterink, Gert"]
[Black "Donner, Jan"]
[Result "1-0"]
[WhiteElo "2430"]
[BlackElo "2470"]
[EventDate "1977.04.18"]
[PlyCount "88"]

1.e4 c6 2.d4 d5 3.exd5 cxd5 4.c4 Nf6 5.Nc3 e6 6.Nf3 Be7 7.cxd5 Nxd5 8.Bd3 
O-O 9.O-O Nc6 10.Re1 Nf6 11.a3 a6 12.Bc2 b5 13.Qd3 Bb7 14.d5 exd5 15.Bg5 
g6 16.Rxe7 Qxe7 17.Nxd5 Nxd5 18.Bxe7 Ncxe7 19.Qd4 Rad8 20.Re1 Nc6 21.Qh4 
Kg7 22.h3 Nf6 23.Qg5 Rd5 24.Qf4 Rfd8 25.Bb3 Rd3 26.Ba2 h6 27.Kh2 R3d6 28.
Ne5 Nxe5 29.Qxe5 R8d7 30.Rc1 Bd5 31.Bxd5 Rxd5 32.Qb8 Rd2 33.Rc8 Rxf2 34.
Rh8 Nd5 35.Qf8+ Kf6 36.Qxh6 Rf5 37.Qh4+ Ke6 38.Ra8 Nc7 39.Qe4+ Re5 40.Qc6+
Ke7 41.Ra7 Re6 42.Qc5+ Kd8 43.Rb7 Kc8 44.Qa7 Kd8 1-0

[Event "33rd NED-ch"]
[Site "Leeuwarden NED"]
[Date "1977.04.22"]
[Round "4"]
[White "Van Baarle, John"]
[Black "Ree, Hans"]
[Result "1/2-1/2"]
[WhiteElo "2325"]
[BlackElo "2460"]
[EventDate "1977.04.18"]
[PlyCount "82"]

1.e4 c5 2.Nf3 e6 3.d4 cxd4 4.Nxd4 Nf6 5.Nc3 d6 6.Be2 a6 7.f4 Be7 8.Be3 O-O
9.Bf3 Nc6 10.O-O Qc7 11.Qe2 Nxd4 12.Bxd4 e5 13.fxe5 dxe5 14.Be3 Be6 15.Qf2
b5 16.a3 Rac8 17.Rfd1 Qb7 18.Kh1 Bxa3 19.Rxa3 b4 20.Ra5 bxc3 21.bxc3 Nd7 
22.Qd2 Rc6 23.Be2 h6 24.Bd3 Rfc8 25.Qe2 Bc4 26.Bd2 Qc7 27.Rda1 Nf6 28.h3 
Rc5 29.R5a3 Qb7 30.Be1 Qb2 31.Qf3 R5c6 32.Ra5 Rc5 33.R5a3 Rd8 34.Kh2 Nh7 
35.Qe3 Rc6 36.Ra5 Bxd3 37.cxd3 Rg6 38.Bg3 Ng5 39.c4 Qc2 40.R5a3 Rgd6 41.
R1a2 Qb1 1/2-1/2

[Event "33rd NED-ch"]
[Site "Leeuwarden NED"]
[Date "1977.04.22"]
[Round "4"]
[White "Van der Vliet, Fredrik"]
[Black "Bohm, Hans"]
[Result "1-0"]
[WhiteElo "2340"]
[BlackElo "2445"]
[EventDate "1977.04.18"]
[PlyCount "81"]

1.Nf3 g6 2.d4 Bg7 3.c4 d6 4.g3 Nd7 5.Bg2 e5 6.Nc3 Ne7 7.O-O O-O 8.e4 exd4 
9.Nxd4 Ne5 10.b3 Bg4 11.f3 Bd7 12.Be3 f5 13.exf5 Nxf5 14.Nxf5 Bxf5 15.Qd2 
c6 16.f4 Nf7 17.h3 Qf6 18.Rac1 h5 19.Ne4 Qe6 20.Nf2 Rfe8 21.Rfe1 Qf6 22.
Re2 a6 23.Bf3 Bd7 24.Kg2 Nh6 25.g4 hxg4 26.hxg4 Nf7 27.g5 Qd8 28.Rce1 Bf5 
29.Bd4 Rxe2 30.Rxe2 Qf8 31.Bg4 Re8 32.Rxe8 Qxe8 33.Bxf5 gxf5 34.Bxg7 Kxg7 
35.Qd4+ Kg8 36.Qf6 Qd7 37.Qg6+ Kh8 38.Qf6+ Kg8 39.Nh1 d5 40.Ng3 dxc4 41.
Nxf5 1-0

[Event "33rd NED-ch"]
[Site "Leeuwarden NED"]
[Date "1977.04.23"]
[Round "5"]
[White "Boersma, Paulus"]
[Black "Kortschnoj, Viktor"]
[Result "0-1"]
[WhiteElo "2350"]
[BlackElo "2645"]
[EventDate "1977.04.18"]
[PlyCount "120"]

1.e4 e6 2.Nf3 d5 3.e5 c5 4.b4 d4 5.bxc5 Bxc5 6.Ba3 Qa5 7.Bxc5 Qxc5 8.c3 
Nc6 9.cxd4 Nxd4 10.Qa4+ Nc6 11.Nc3 Qa5 12.Qxa5 Nxa5 13.Nb5 Ke7 14.Nc7 Rb8 
15.d4 Nc6 16.Bc4 Nh6 17.g4 Nxg4 18.Rg1 h5 19.h3 Nh6 20.O-O-O Kf8 21.Nh4 
Ne7 22.Kb2 Nhf5 23.Nxf5 Nxf5 24.d5 exd5 25.Bxd5 Ne7 26.e6 Rh6 27.Rge1 fxe6
28.Bxe6 Nc6 29.Bd7 Bxd7 30.Rxd7 Kg8 31.Rg1 g6 32.Ne6 Ne5 33.Rg7+ Kh8 34.
Re7 Rh7 35.Rxh7+ Kxh7 36.f4 Nc4+ 37.Kc3 b5 38.Rd1 Rb7 39.Kb4 a6 40.Kc5 Re7
41.Ng5+ Kg7 42.Rd8 Rc7+ 43.Kd5 Nb6+ 44.Kd6 Rc8 45.Rxc8 Nxc8+ 46.Kc7 Ne7 
47.Kb6 Kf6 48.Kxa6 b4 49.Kb5 Kf5 50.Kxb4 Kxf4 51.Ne6+ Kg3 52.a4 Kxh3 53.
Kc5 Kg4 54.a5 h4 55.a6 Nc8 56.Kc6 h3 57.Kc7 Na7 58.Kb6 h2 59.Kxa7 h1=Q 60.
Nc7 Qc6 0-1

[Event "33rd NED-ch"]
[Site "Leeuwarden NED"]
[Date "1977.04.23"]
[Round "5"]
[White "Bohm, Hans"]
[Black "Van Baarle, John"]
[Result "0-1"]
[WhiteElo "2445"]
[BlackElo "2325"]
[EventDate "1977.04.18"]
[PlyCount "78"]

1.d4 Nf6 2.c3 d6 3.Bg5 Nbd7 4.Nd2 e5 5.e3 Be7 6.Bd3 O-O 7.Ne2 Re8 8.O-O c6
9.a4 d5 10.a5 Bd6 11.Ng3 a6 12.f4 e4 13.Be2 h6 14.Bh4 Qc7 15.b4 Nh7 16.Nh1
f5 17.Bh5 Re6 18.g4 fxg4 19.Bxg4 Re8 20.Ng3 Ndf6 21.Bxc8 Qxc8 22.f5 Rf8 
23.Rf2 Qc7 24.Ndf1 Rf7 25.Raa2 Raf8 26.Rg2 Kh8 27.Raf2 Qd7 28.Nd2 Ng8 29.
Qg4 g5 30.Ngxe4 dxe4 31.Bg3 Bxg3 32.hxg3 Nhf6 33.Qe2 h5 34.Rh2 Rh7 35.Nc4 
Ng4 36.Qc2 Nxf2 37.Rxf2 Rxf5 38.Ne5 Rxe5 39.dxe5 Qg4 0-1

[Event "33rd NED-ch"]
[Site "Leeuwarden NED"]
[Date "1977.04.23"]
[Round "5"]
[White "Donner, Jan"]
[Black "Van der Vliet, Fredrik"]
[Result "1-0"]
[WhiteElo "2470"]
[BlackElo "2340"]
[EventDate "1977.04.18"]
[PlyCount "153"]

1.d4 Nf6 2.c4 e6 3.Nc3 Bb4 4.e3 O-O 5.Bd3 c5 6.Nf3 d5 7.O-O cxd4 8.exd4 
dxc4 9.Bxc4 b6 10.Bg5 Bb7 11.Rc1 Be7 12.Qe2 Nc6 13.Rfd1 Nb4 14.Ne5 Nbd5 
15.Bd3 Rc8 16.Bb1 Nxc3 17.bxc3 Qd5 18.f3 Qd8 19.Bd3 Nd5 20.Bd2 Bg5 21.Be4 
Bxd2 22.Qxd2 Qe7 23.c4 Nf6 24.Bc2 Rfd8 25.Bb3 Ne8 26.Qe3 Nd6 27.g4 Ne8 28.
Rc2 Nf6 29.Rcd2 Nd7 30.Nd3 Qd6 31.Kg2 Nf8 32.Nf4 Re8 33.h4 e5 34.dxe5 Rxe5
35.Rxd6 Rxe3 36.Nd5 Bxd5 37.cxd5 Ree8 38.Rc6 Nd7 39.Rdc1 Nc5 40.Bc4 Kf8 
41.g5 g6 42.Rd1 Red8 43.Kg3 Rb8 44.d6 Nb7 45.Bf1 Nc5 46.Rc7 Nb7 47.d7 a5 
48.Bh3 Nc5 49.Kf4 Ke7 50.Ke5 Na6 51.Rc8 Nc5 52.f4 Rb7 53.Rxd8 Kxd8 54.Rd6 
Nxd7+ 55.Kd5 Ke7 56.Kc6 Nc5 57.f5 gxf5 58.Bxf5 Rb8 59.Rh6 Na6 60.a4 Nb4+ 
61.Kb5 Nd5 62.Rxh7 Rf8 63.Bc2 Rc8 64.Bb3 Rc5+ 65.Ka6 Kf8 66.h5 Nb4+ 67.
Kxb6 Rxg5 68.Bxf7 Nd5+ 69.Bxd5 Rxd5 70.h6 Kg8 71.Rg7+ Kh8 72.Rc7 Rh5 73.
Rc5 Rxh6+ 74.Kxa5 Kg7 75.Kb5 Kf7 76.a5 Rh1 77.a6 1-0

[Event "33rd NED-ch"]
[Site "Leeuwarden NED"]
[Date "1977.04.23"]
[Round "5"]
[White "Langeweg, Christian"]
[Black "Ligterink, Gert"]
[Result "1/2-1/2"]
[WhiteElo "2445"]
[BlackElo "2430"]
[EventDate "1977.04.18"]
[PlyCount "25"]

1.d4 Nf6 2.c4 e6 3.Nf3 b6 4.g3 Bb7 5.Bg2 Be7 6.O-O O-O 7.Nc3 Ne4 8.Qc2 
Nxc3 9.Qxc3 c5 10.Rd1 d6 11.Bf4 Nd7 12.dxc5 Nxc5 13.Ne1 1/2-1/2

[Event "33rd NED-ch"]
[Site "Leeuwarden NED"]
[Date "1977.04.23"]
[Round "5"]
[White "Van Wijgerden, Cornelis"]
[Black "Hartoch, Robert"]
[Result "0-1"]
[WhiteElo "2430"]
[BlackElo "2405"]
[EventDate "1977.04.18"]
[PlyCount "87"]

1.e4 d6 2.d4 Nf6 3.Nc3 g6 4.g3 Bg7 5.Bg2 O-O 6.Nge2 c6 7.O-O e5 8.a4 a5 9.
h3 Qe7 10.b3 Na6 11.Ba3 Nb4 12.Qd2 b6 13.Rad1 Bb7 14.Rfe1 Rad8 15.d5 c5 
16.Nb5 Bc8 17.Nc1 Nh5 18.c3 Na6 19.Qe2 Bh6 20.Nd3 f5 21.exf5 Bxf5 22.Nb2 
Nc7 23.Na7 Qd7 24.Nc6 Rde8 25.Kh2 Nf4 26.gxf4 Bxf4+ 27.Kg1 Bxh3 28.Rd3 Bg4
29.f3 e4 30.fxg4 exd3 31.Ne7+ Kg7 32.Nxd3 Bg5 33.c4 Rxe7 34.Bb2+ Kg8 35.
Qd1 Rxe1+ 36.Nxe1 Qe7 37.Nf3 Qe3+ 38.Kh1 Bf4 39.Qc2 Ne8 40.Ba1 Nf6 41.Qb2 
Qc1+ 42.Qxc1 Bxc1 43.Bh3 Ne4 44.g5 0-1

[Event "33rd NED-ch"]
[Site "Leeuwarden NED"]
[Date "1977.04.25"]
[Round "6"]
[White "Donner, Jan"]
[Black "Langeweg, Christian"]
[Result "1-0"]
[WhiteElo "2470"]
[BlackElo "2445"]
[EventDate "1977.04.18"]
[PlyCount "85"]

1.d4 Nf6 2.c4 e6 3.g3 d5 4.Bg2 dxc4 5.Nf3 Nbd7 6.O-O Rb8 7.Qc2 b5 8.b3 Bb7
9.bxc4 Be4 10.Qd1 bxc4 11.Nbd2 Bd5 12.Qc2 c3 13.Qxc3 c5 14.dxc5 Bxc5 15.
Nb3 Bxb3 16.axb3 Qb6 17.Bf4 Rc8 18.Qd3 Nd5 19.Bd2 O-O 20.Ng5 N5f6 21.b4 
Bxb4 22.Bxb4 Qxb4 23.Nxh7 Nxh7 24.Qxd7 Rc2 25.e3 a5 26.Ra4 Qc3 27.Qa7 Rd8 
28.Qxa5 Qxa5 29.Rxa5 Rdd2 30.Ra8+ Nf8 31.h4 g6 32.Be4 Rb2 33.g4 Kg7 34.Kg2
e5 35.Ra7 Nd7 36.Bc6 Nf6 37.Kg3 Rdc2 38.Bf3 e4 39.Bd1 Rd2 40.g5 Nd5 41.Bg4
Kf8 42.Rd7 Ke8 43.Rc1 1-0

[Event "33rd NED-ch"]
[Site "Leeuwarden NED"]
[Date "1977.04.25"]
[Round "6"]
[White "Hartoch, Robert"]
[Black "Ree, Hans"]
[Result "1/2-1/2"]
[WhiteElo "2405"]
[BlackElo "2460"]
[EventDate "1977.04.18"]
[PlyCount "30"]

1.Nf3 Nf6 2.g3 b6 3.Bg2 Bb7 4.O-O c5 5.c4 g6 6.b3 Bg7 7.Bb2 O-O 8.d3 Nc6 
9.e4 d6 10.Na3 e5 11.Nc2 a6 12.a3 b5 13.cxb5 axb5 14.b4 cxb4 15.axb4 Rxa1 
1/2-1/2

[Event "33rd NED-ch"]
[Site "Leeuwarden NED"]
[Date "1977.04.25"]
[Round "6"]
[White "Kortschnoj, Viktor"]
[Black "Van Wijgerden, Cornelis"]
[Result "1-0"]
[WhiteElo "2645"]
[BlackElo "2430"]
[EventDate "1977.04.18"]
[PlyCount "81"]

1.d4 g6 2.e4 Bg7 3.c4 c5 4.d5 d6 5.Nc3 Nf6 6.Nf3 O-O 7.Be2 e6 8.O-O exd5 
9.cxd5 a6 10.a4 Bg4 11.Nd2 Bxe2 12.Qxe2 Nbd7 13.a5 Qc7 14.Nc4 b5 15.axb6 
Nxb6 16.Na5 Rfe8 17.Qc2 Nfd7 18.Be3 Ne5 19.Bf4 Nbd7 20.Ra4 Rab8 21.Qe2 Rb4
22.Rfa1 Qb6 23.Bc1 Nb8 24.Kh1 Qc7 25.Bf4 Qb6 26.Bxe5 Bxe5 27.Nc4 Qb7 28.
Rxb4 cxb4 29.Nd1 Nd7 30.Nde3 h5 31.g3 Qb8 32.Nxe5 Rxe5 33.Qxa6 Rxe4 34.Nc4
Rd4 35.Qc6 Kg7 36.Ra8 Qxa8 37.Qxa8 Rxc4 38.Qa6 Rd4 39.Qxd6 Nf6 40.Kg2 b3 
41.Qb6 1-0